| 000 -CABECERA |
| Longitud fija campo de control |
00960nam a2200325 a 4500 |
| 001 - NÚMERO DE CONTROL |
| Número de control |
991047809799706706 |
| 003 - IDENTIFICADOR DEL NÚMERO DE CONTROL |
| Identificador del número de control |
OSt |
| 005 - FECHA Y HORA DE LA ÚLTIMA TRANSACCIÓN |
| Fecha y hora de la última transacción |
20211210140053.0 |
| 008 - CÓDIGOS DE INFORMACIÓN DE LONGITUD FIJA |
| Códigos de información de longitud fija |
130123s2012 spc|||| |||| 0|0 0bspa| |
| 015 ## - NÚMERO DE BIBLIOGRAFÍA NACIONAL |
| Número de bibliografía nacional |
LL2013 |
| Fuente |
bnc |
| 017 ## - NÚMERO DE COPYRIGHT O DE DEPÓSITO LEGAL |
| Número de copyright o de depósito legal |
DL B. 31524-2012 |
| Agencia que asigna el número |
Biblioteca de Catalunya |
| 020 ## - NÚMERO INTERNACIONAL NORMALIZADO PARA LIBROS |
| Número Internacional Normalizado para Libros (ISBN) |
9788461619153 |
| 035 ## - NÚMERO DE CONTROL DEL SISTEMA |
| Número de control del sistema |
(ES-BaCBU)b54085871-34csuc_network |
| 035 ## - NÚMERO DE CONTROL DEL SISTEMA |
| Número de control del sistema |
(ES-BaCBU).b54085871 |
| 035 ## - NÚMERO DE CONTROL DEL SISTEMA |
| Número de control del sistema |
(ccuc001)b54085871 |
| 040 ## - FUENTE DE LA CATALOGACIÓN |
| Centro catalogador de origen |
ES-BaBC |
| Lengua de catalogación |
cat |
| Centro transcriptor |
CDMR |
| 043 ## - CÓDIGO DE ÁREA GEOGRÁFICA |
| Código de área geográfica |
e-sp--- |
| Código local GAC |
e-spc-- |
| Fuente del código local |
catmarc |
| 080 ## - NÚMERO DE LA CLASIFICACIÓN DECIMAL UNIVERSAL |
| Número de la Clasificación Decimal Universal |
929Bayon, Enric |
| 080 ## - NÚMERO DE LA CLASIFICACIÓN DECIMAL UNIVERSAL |
| Número de la Clasificación Decimal Universal |
070:77 |
| 100 1# - PUNTO DE ACCESO PRINCIPAL-NOMBRE DE PERSONA |
| Nombre de persona |
Bayón, Enric, |
| 245 10 - MENCIÓN DE TÍTULO |
| Título |
Secretos de un paparazzi / |
| Mención de responsabilidad, etc. |
Enric Bayón |
| 260 ## - PUBLICACIÓN, DISTRIBUCIÓN, ETC. (PIE DE IMPRENTA) |
| Lugar de publicación, distribución, etc. |
[Barcelona] : |
| Nombre del editor, distribuidor, etc. |
500mm, |
| Fecha de publicación, distribución, etc. |
2012 |
| 300 ## - DESCRIPCIÓN FÍSICA |
| Extensión |
95 p. : |
| Otras características físicas |
il. ; |
| Dimensiones |
24 cm |
| 650 #0 - PUNTO DE ACCESO ADICIONAL DE MATERIA - TÉRMINO DE MATERIA |
| Término de materia o nombre geográfico como elemento inicial |
Fotògrafs |
| Subdivisión de materia general |
Biografies |
| Fuente del encabezamiento o término |
lemac |
| 9 (RLIN) |
4305 |
| 650 #7 - PUNTO DE ACCESO ADICIONAL DE MATERIA - TÉRMINO DE MATERIA |
| Término de materia o nombre geográfico como elemento inicial |
Revistes del cor |
| Fuente del encabezamiento o término |
lemac |
| 907 ## - ELEMENTO G DATOS LOCALES, GDL (RLIN) |
| a |
.b54085871 |
| b |
17-02-21 |
| c |
23-01-13 |
| d |
23-01-13 |
| e |
m |
| f |
a |
| g |
- |
| h |
spa |
| i |
spc |
| j |
0 |
| k |
0 |
| 908 ## - CONTROL DE PARÁMETROS (RLIN) |
| Parametro de comando lanzado |
BC |
| 940 ## - |
| T&íacute;tulo uniforme |
<a href="BC">BC</a> |
| 942 ## - ENTRADA DE ELEMENTOS AGREGADOS (KOHA) |
| Fuente de clasificaión o esquema |
|
| Koha [por defecto] tipo de item |
Monografies |